LEADER 01175nas a2200265 i 4500 001 000000160500 003 CaOOAMICUS 005 20080317000000.0 008 070326b2007 it uu u0 0ita r 013 $a137863 020 $a978-88-7094-652-9 040 $aSeMil$bita 100 1 $aCarpin, Attilio,$c.$0(OLS)http://semarc/name/90417 245 10$aBattezzati nell'unica vera Chiesa? :$bCipriano di Cartagine e la controversia battesimale /$cAttilio Carpin. 260 $aBologna :$bESD,$ccopyr. 2007. 300 $a263 p. ;$c21 cm. 500 $aTitolo e formulazione di responsabilità dalla copertina. 700 1 $aBoschi, Bernardo Gianluigi,$c.$0(OLS)http://semarc/name/16609 774 0 $t[vedi periodico].$w()266175 850 $aSeMil 852 $aSeMil$W1$xVenegono$y1$m232 4 74$j111969$B111969$CSeMilBibl$Z2$F132516 $85 961 $aCambio: Scuola Cattolica 996 $6020$a978-88-7094-652-9$9(OLS)http://semarc/number/76346 996 $6245$aBattezzati nell'unica vera Chiesa? :$bCipriano di Cartagine e la controversia battesimale$9(OLS)http://semarc/title/143204 996 $6260$aBologna :$bESD$9(OLS)http://semarc/publisher/30112 LEADER 01355nam a2200253 4500 001 000000352353 003 CaOOAMICUS 005 20221122105729.0 008 221122s2015 it 000 u ita r 020 $a978-88-514-1563-1 040 $aSeMil$bita 245 00$aPassava facendo del bene a tutti :$bla vita pubblica di Gesù : sussidio per gli insegnanti di religione della scuola dell'infanzia /$cDebora Tonelli ... [et al.]. 264 1$aMilano :$bÀncora,$c2015. 300 $a127 p. ;$c21 cm +$e1 DVD-ROM 500 $aSul frontespizio: Arcidiocesi di Milano, Servizio per l'insegnamento della religione cattolica e Istituto superiore di scienze religiose 650 4$aReligione - Insegnamento - Scuola dell'infanzia - Sussidi.$0(OLS)http://semarc/subject/45623 700 1 $aTonelli, Debora.$0(OLS)http://semarc/name/83071 850 $aSeMil 852 $aSeMil$W1$xVenegono$y1$m2Q II 449$j236994$B243539$CSeMilBibl$Z2$F243539 $81 961 $aConti don Ermenegildo - omaggio 996 $6020$a978-88-514-1563-1$9(OLS)http://semarc/number/297220 996 $6245$aPassava facendo del bene a tutti :$bla vita pubblica di Gesù : sussidio per gli insegnanti di religione della scuola dell'infanzia$9(OLS)http://semarc/title/442151 996 $6264$aMilano :$bÀncora$9(OLS)http://semarc/publisher/29763